000
00316nam a2200133Ia 4500
008
191201s2013 xx 000 0 und d
082
_a
658.083
_b
JAB
100
_a
JAIN,T R
245
0
_a
Business Statistics BBA II
260
_a
N. delhi
_b
V K Enterprises
_c
2013
300
_a
MISC
650
_a
BBA
942
_2
ddc
_c
BK
999
_c
5729
_d
5729